{"text_format":"1","workbook":"xlsx","n_sheets":1,"sheets":["inv_taller_julio 2022"],"not_rendered":{"charts":0,"images":2,"macros":0,"external_links":0,"defined_names":1,"comments":0,"pivot_tables":0},"unopened":[],"bounds":{"document_bytes":16777216,"sheet_cells":100000,"rows_first":2000,"rows_last":500,"rows_between":2000,"halvings":0,"cell_chars":16384,"cell_head_chars":4096},"cells_cut":0,"cells_raw":0,"read":"whole","date_system":"1900"}

{"sheet":"inv_taller_julio 2022","index":0,"n_rows":650,"n_cols":8,"rows_kept":650,"cut":false,"hidden":false,"merged":[[231,7,235,7],[449,0,453,0],[449,1,453,1],[449,2,453,2],[449,3,453,3],[449,4,453,4],[449,5,453,5],[449,6,453,6],[449,7,453,7],[231,0,235,0],[231,1,235,1],[231,2,235,2],[447,0,447,7],[6,1,10,1],[6,2,10,2],[6,3,10,3],[6,4,10,4],[433,0,433,6],[231,6,235,6],[192,0,192,6],[649,0,649,6],[445,0,445,7],[446,0,446,7],[1,0,1,7],[2,0,2,7],[3,0,3,7],[227,0,227,7],[228,0,228,7],[6,7,10,7],[6,5,10,5],[6,6,10,6],[229,0,229,7],[231,3,235,3],[231,4,235,4],[231,5,235,5],[6,0,10,0]]}
[]
["INSTITUTO DEL TABACO DE LA REPÚBLICA DOMINICANA"]
["INVENTARIO DE TALLER DE MECANICA"]
["MES DE JULIO 2022"]
[]
[]
["Fecha de adquisición y/o registro","Artículo","Código institucional","Descripción artículo","Existencia","Unidad","Costo","Valor"]
[]
[]
[]
[]
["2015-10-20","BANDAS ( 78 )","BANDA T N","BANDAS TRACERA NISSAN",2,"UND",1300,{"$f":"+G12*E12","v":2600}]
["2015-10-20","BOMBILLOS ( 51 )","BOMBILLOS 1 CONTACT.","BOMBILLOS 12V 21W 1 CONTACTO",19,"UND",125,{"$f":"+G13*E13","v":2375}]
["2015-10-20","BOMBILLOS ( 51 )","BOMBILLOS H3 24V","BOMBILLOS H3 24V",2,"UND",225,450]
["2013-09-12","BOMBILLOS ( 51 )","BOMBILLOS H4","BOMBILLOS H4 24V TRACTORES",7,"UND",225,1575]
["2016-09-16","CAMISAS ( 43 )","CAMISAS MOTOR","CAMISAS MOTOR FORD 6610",4,"UND",1564.97,6259.88]
["2016-03-09","CANDADOS ( 54 )","C.T.E.R","CANDAD.TUERC.EJE RAST",6,"UND",3.8,22.799999999999997]
["2016-03-09","CORREAS ( 49 )","CORREA","CORREA AX41",2,"UND",799,1598]
["2015-04-23","CORREAS ( 49 )","CORREA 1737013A0940","CORREA 17070 13 A 0940",2,"UND",300,600]
["2015-04-23","CORREAS ( 49 )","CORREA A1046LD","CORREA OPTIBELT A1046LD",2,"UND",412,824]
["2015-04-23","CORREAS ( 49 )","CORREA DAYCO 17295","CORREA DAYCO 13A07501",1,"UND",262.5,262.5]
["2015-04-23","CORREAS ( 49 )","CORREA DAYCO 17350","CORREA 13 A 0890 17350",1,"UND",300,300]
["2014-02-03","CORREAS ( 49 )","CORREA.","CORREA AX49",1,"UND",1205.96,1205.96]
["2016-03-14","CORREAS ( 49 )","CORREA...","CORREA AX52",1,"UND",1738.14,1738.14]
["2016-03-14","CORREAS ( 49 )","CORREAS 17515","CORREAS 17575",2,"UND",250,500]
["2016-03-14","CORREAS ( 49 )","CORREAS 5425","CORREAS 15425",1,"UND",200,200]
["2016-03-14","CORREAS ( 49 )","CORREAS AX53","CORREAS HERCULES AX53",3,"UND",400,1200]
["2016-03-14","CRUCETAS ( 47 )","CRUCETA GMB","CRUCETA GMB",3,"UND",475,1425]
["2016-03-14","FILTRO ( 466 )","F A","FILTRO AIRE 16546-T3400",4,"UND",304,1216]
["2016-03-14","FILTRO ( 466 )","F A  W962","FILTRO ACEITE MAN W962 TS-120",1,"UND",666.99769000000003,666.99769000000003]
["2016-03-14","FILTRO ( 466 )","F, A","FILTRO AIRE A5005",4,"UND",799.44203000000005,3197.7681200000002]
["2016-03-14","FILTRO ( 466 )","F,A.","FILTRO AIRE 87344135",2,"UND",604.01197999999999,1208.02396]
["2016-03-14","FILTRO ( 466 )","FA,,","FILTRO AIRE 87344136",2,"UND",475.56049999999999,951.12099999999998]
["2016-03-14","FILTRO ( 466 )","FA. J5570","FILTRO AIRE 16546-J5570",3,"UND",542.79999999999995,1628.3999999999999]
["2016-03-14","FILTRO ( 466 )","FA1172","FILTRO AIRE 117200090150",10,"UND",1587.1,15871]
["2016-03-14","FILTRO ( 466 )","FA170801","FILTRO AIRE MIT. DAH. 17801-87303",4,"UND",941.64,3766.56]
["2018-04-10","FILTRO ( 466 )","FAA-20","FILTRO ACEITE A-20",6,"UND",1056.0999999999999,6336.5999999999995]
["2016-10-25","FILTRO ( 466 )","FAA5541","FILTRO AIRE 46562 A5541",2,"UND",1652,3304]
["2016-10-25","FILTRO ( 466 )","FAAD56","FILTRO ACEITE 4D56 AD-51343",10,"UND",354,3540]
["2016-10-25","FILTRO ( 466 )","FAB7179","FILTRO ACEITE B-7179",7,"UND",531,3717]
["2016-03-09","FILTRO ( 466 )","FABT1600","FILTRO ACEITE BT 838257421PF1600",3,"UND",2883.92,8651.76]
["2017-03-09","FILTRO ( 466 )","FABT9471","FILTRO ACEITE BT-9471",8,"UND",1204.78,9638.24]
["2017-03-09","FILTRO ( 466 )","FAC,","FILTRO AIRE CANTER ME017242",3,"UND",767,2301]
["2017-03-09","FILTRO ( 466 )","FAC-1008","FILTRO ACEITE C-1008",6,"UND",649,3894]
["2017-09-17","FILTRO ( 466 )","FAC71791","FILTRO ACEITE CAMION M. 51791",6,"UND",472,2832]
["2017-09-17","FILTRO ( 466 )","FACAN","FILTRO AIRE CANTER",5,"UND",767,3835]
["2016-02-09","FILTRO ( 466 )","FAD.","FILTRO AIRE DAH.178001-87003",5,"UND",960.52,4802.6000000000004]
["2016-02-09","FILTRO ( 466 )","FAFD22","FILTRO AIRE F.D22QD32VM00A",1,"UND",236,236]
["2017-01-24","FILTRO ( 466 )","FAJCB","FILTRO AIRE JCB 49275 549275",1,"UND",3098.68,3098.68]
["2016-02-09","FILTRO ( 466 )","FAMO","FILTRO AIRE MOTERO 01",3,"UND",1003,3009]
["2016-02-09","FILTRO ( 466 )","FANF","FILTRO AIRE NISSAN F. 16546-25601",2,"UND",2500,5000]
["2016-02-09","FILTRO ( 466 )","FANH","FILTRO ACEITE N.H.57794 BT8899",4,"UND",2200.6999999999998,8802.7999999999993]
["2016-02-09","FILTRO ( 466 )","FAOB3325","FILTRO ACEITE OB3325",6,"UND",448.4,2690.3999999999996]
["2016-02-09","FILTRO ( 466 )","FAPH36A","FILTRO ACEITE PH36A",6,"UND",295,1770]
["2016-02-09","FILTRO ( 466 )","FAUA5540","FILTRO AIRE UNIV 46569 A5540",2,"UND",708,1416]
["2016-02-09","FILTRO ( 466 )","FAW719/15","FILTRO ACEITE W719/15",4,"UND",466.1,1864.4]
["2016-02-09","FILTRO ( 466 )","FG FC-1022","FILTRO GASOIL FC-1022",3,"UND",313.88,941.64]
["2016-02-09","FILTRO ( 466 )","FG PS-6643","FILTRO GASOIL PS-6643",4,"UND",1085.0325,4340.13]
["2016-02-09","FILTRO ( 466 )","FG14B","FILTRO G.14B UNION 4053",5,"UND",188.8,944]
["2016-02-09","FILTRO ( 466 )","FG7934","FILTRO GASOIL FC-7934 REG2420",5,"UND",531,2655]
["2016-02-09","FILTRO ( 466 )","FGA,","FILTRO GASOIL FC1104",6,"UND",216.25488000000001,1297.5292800000002]
["2016-02-09","FILTRO ( 466 )","FGA-33358","FILTRO GASOIL A-33358",6,"UND",755.2,4531.2000000000007]
["2016-02-09","FILTRO ( 466 )","FGFORD","FILTRO GASOIL FORD73 33417",5,"UND",802.4,4012]
["2016-02-09","FILTRO ( 466 )","FGMF","FILTRO GASOIL M.F.6VT USA",9,"UND",295,2655]
["2016-02-09","FILTRO ( 466 )","FGMIT.","FILTRO GASOIL MIT.A-292",4,"UND",259.60000000000002,1038.4000000000001]
["2016-02-09","FILTRO ( 466 )","FGNTD27","FILTRO GASOIL N.TD27 FC-1806",4,"UND",236,944]
["2016-02-09","FILTRO ( 466 )","FGP346P","FILTRO GASOIL P-346P",6,"UND",578.20000000000005,3469.2000000000003]
["2016-02-09","FILTRO ( 466 )","FIL A","FILTRO AIRE 16405-02N10",3,"UND",173.20414,519.61241999999993]
["2017-10-05","FILTRO ( 466 )","FL3321","FILTROS L3321",20,"UND",472,9440]
["2017-03-09","FILTROS DE ACEITE ( 33 )","F ACEI. LU.FINPH6715","FILTRO ACEITE LUB.FIN.PH6715 FORD 6610",5,"UND",379.31,1896.55]
["2017-03-09","FILTROS DE AIRE ( 32 )","F ACEI. WIX 51602","FILTRO ACEITE PLANTA CUMMINS",8,"UND",270,2160]
["2017-03-09","FILTROS DE AIRE ( 32 )","F ACEI.BALD.BD355","FILTRO ACEITE MITSUBISHI ",3,"UND",410,1230]
["2017-03-09","FILTROS DE AIRE ( 32 )","F ACEI.FLET.G.LF3345","FILTRO ACEITE PLANT.CUMMINS",1,"UND",256.35199999999998,256.35199999999998]
["2017-03-09","FILTROS DE AIRE ( 32 )","F ACEI.WIX 51607","FILTRO ACEITE PLANT.CUMINS",5,"UND",125,625]
["2017-03-09","FILTROS DE AIRE ( 32 )","F GAS 23390-64480","FILTRO GS.TANAKA PRADO",2,"UND",521,1042]
["2016-02-09","FILTROS DE AIRE ( 32 )","F GAS. 23390-OL010","FILTRO GASOIL HILUX",2,"UND",290,580]
["2016-02-09","FILTROS DE AIRE ( 32 )","F GAS. BALD.BF1205-S","FILTRO GASOIL NEW.HOL.6000",7,"UND",917.29304000000002,{"$f":"+G77*E77","v":6421.0512799999997}]
["2016-02-09","FILTROS DE AIRE ( 32 )","F GAS. BALD.P7088","FILTRO GASOIL PLANT. CATERP.",5,"UND",420,2100]
["2016-02-09","FILTROS DE AIRE ( 32 )","F GAS. BALDWIN FP-10","FILTRO GASOIL PLANT. CATERP.",3,"UND",241,723]
["2016-02-09","FILTROS DE AIRE ( 32 )","F GAS. LFF-8930","FILTRO GASOIL TOYOTA RUNNER",6,"UND",521,3126]
["2016-02-09","FILTROS DE AIRE ( 32 )","F GAS. WIX 33138","FILTRO GASOIL TOYOTA",3,"UND",236,708]
["2016-02-09","FILTROS DE AIRE ( 32 )","F GAS. WIX 33196","FILTRO GASOIL NEW HOL. TS120",1,"UND",742,742]
["2016-02-09","FILTROS DE AIRE ( 32 )","F GAS. WIX 33352","FILTRO GASOIL PLANTA CATERP.",3,"UND",330,990]
["2016-02-09","FILTROS DE AIRE ( 32 )","F GAS. WIX 33386","FILTRO GASOIL CAMION CANTER",2,"UND",397,794]
["2016-02-09","FILTROS DE AIRE ( 32 )","F GAS.33239 ","FILTRO GASOIL INTERN.Y/O COMASU",8,"UND",267,2136]
["2016-02-09","FILTROS DE AIRE ( 32 )","F GAS.BALD.BF7532","FILTRO GASOIL NISSAN CIVILIAN",2,"UND",367,734]
["2016-02-09","FILTROS DE AIRE ( 32 )","F GAS.LUB.F.FP-941F","FILTRO G. MITS. 5103-0015",2,"UND",312,624]
["2016-02-09","FILTROS DE AIRE ( 32 )","F HID.F.G.51712","FILTRO HIDRAU. NISSAN FRONTIER",2,"UND",669,1338]
["2016-02-09","FILTROS DE AIRE ( 32 )","F HID.WIX 51791","FILTRO HIDRAUL. PLANTA CATERP.",1,"UND",330,330]
["2016-02-09","FILTROS DE AIRE ( 32 )","FA. 52087","FILTRO AIRE PUROL.PLANTA CATERPILAR",4,"UND",1900,7600]
["2016-02-09","FILTROS DE AIRE ( 32 )","FA. CA1588SY FORD","FILTRO AIRE FORD 6610",3,"UND",1136.5,3409.5]
["2016-02-09","FILTROS DE AIRE ( 32 )","FA. LAF 1741","FILTRO  AIRE TRACTOR YANMAR",2,"UND",2035,4070]
["2016-02-09","FILTROS DE AIRE ( 32 )","FA. N/R","FILTRO AIRE N/R PLANTA CUMINGS",2,"UND",1002,2004]
["2016-02-09","FILTROS DE AIRE ( 32 )","FA. PA2432  FORD ","FILTRO AIRE FORD 6610",3,"UND",997,2991]
["2016-02-09","FILTROS DE AIRE ( 32 )","FA. PA2845","FILTRO AIRE BALD. FORD 6610",1,"UND",1345,1345]
["2016-02-09","FILTROS DE AIRE ( 32 )","FA. WIX 42852 ","FILTRO AIRE PLANTA CATERPILAR",3,"UND",1895,5685]
["2016-02-09","FILTROS DE AIRE ( 32 )","FA.17801-0C010","FILTRO AIRE HILUX",2,"UND",305,610]
["2016-02-09","FILTROS DE AIRE ( 32 )","FA.17801-56010 ","FILTRO AIRE CAMION DAIHATSU",2,"UND",455,910]
["2016-02-09","FILTROS DE GASOIL ( 34 )","F GAS 16405-01170","FILTRO GAS SAKURA 16405-01170 NISSAN",1,"UND",622.85,622.85]
["2016-02-09","FLASH ( 63 )","FLASH DIRECCIONAL","FLAS DIRECCIONAL",2,"UND",275,550]
["2016-02-09","GALLETA ( 305 )","GALLETA.","GALLETA MACHO",2,"UND",3050.4484200000002,6100.8968400000003]
["2016-02-09","GOMAS ( 61 )","7001612","GOMAS 700X16 12 LONAS",1,"UND",7425.3505999999998,7425.3505999999998]
["2016-02-09","JUNTA DEL KRANK ( 478 )","JUNTA DEL KRANK","JUNTA DEL KRANK",1,"UND",6703.5564000000004,6703.5564000000004]
["2016-02-09","MANGUERAS ( 36 )","MANGUERA.","MANGUERA HIDRAULICA",2,"UND",3543.2699400000001,7086.5398800000003]
["2016-02-09","OTROS ( 5 )","BFTN","BOMBA FRENO TRASERO N.C.1993",1,"UND",6490,6490]
["2016-02-09","OTROS ( 5 )","AB 2 1/2","ABRAZADERA 2 1/2",4,"UND",97.94,391.76]
["2016-02-09","OTROS ( 5 )","AB1/2","ABRAZADERA 1/2",2,"UND",80.239999999999995,160.47999999999999]
["2016-02-09","OTROS ( 5 )","AB2","ABRAZADERA 2",9,"UND",87.32,785.87999999999988]
["2016-02-09","OTROS ( 5 )","AR15","AROS RASTRA #15",2,"UND",8250,16500]
["2016-02-09","OTROS ( 5 )","ASIENT TRA  TS-120","ASIENTO TRA TS-120",1,"UND",9322,9322]
["2016-02-09","OTROS ( 5 )","B12V21W","BOMBILLOS 12V 21W",14,"UND",593.70519999999999,8311.8727999999992]
["2016-02-09","OTROS ( 5 )","BBE.","BUSHING BARRA ESTAB. L200",2,"UND",960,1920]
["2016-02-09","OTROS ( 5 )","BC..","BABIT CIG TD27 QD32 STD TAHO",1,"UND",1974.9659999999999,1974.9659999999999]
["2016-02-09","OTROS ( 5 )","BCA","BUSHING CATRE ABAJO L200",2,"UND",960,1920]
["2016-02-09","OTROS ( 5 )","BCA,","BUSHING CATRE ARRIBA L200 ",2,"UND",960,1920]
["2016-02-09","OTROS ( 5 )","BCTD27","BABIT CIG STD TD27 QD32 NDC",1,"UND",950.00620000000004,950.00620000000004]
["2016-02-09","OTROS ( 5 )","BFCDD","BANDA FRENO COMP. D.D.2006",2,"UND",3600.0030000000002,7200.0060000000003]
["2016-02-09","OTROS ( 5 )","BFCHC","BANDA FRENO COMP. H.C. MOD.2002",2,"UND",3649.9760000000001,7299.9520000000002]
["2016-02-09","OTROS ( 5 )","BFCM","BANDA FRENO COMP. M. MOD.2002",2,"UND",3799.9882200000002,7599.9764400000004]
["2020-01-31","OTROS ( 5 )","BFCNF","BANDA FRENO COMP. N.F. MOD.2005",1,"UND",1850.0039999999999,1850.0039999999999]
["2020-01-31","OTROS ( 5 )","BHM","BUSHING HOJA MUELLE L200",3,"UND",960,2880]
["2020-01-31","OTROS ( 5 )","CBX46","CORREA B X 46",1,"UND",1546,1546]
["2020-01-31","OTROS ( 5 )","CDD.","CASQUILLO DAH.DELANTERO",1,"UND",1500,1500]
["2020-01-31","OTROS ( 5 )","CDEL","CRUCETA DELTA ",4,"UND",1064.9972,4259.9888000000001]
["2020-01-31","OTROS ( 5 )","CR,","COLLARINGN RASA",1,"UND",1650.0057999999999,1650.0057999999999]
["2020-01-31","OTROS ( 5 )","CT,.","CORREA TRACTOR",1,"UND",2891,2891]
["2020-01-31","OTROS ( 5 )","DES","DESGONCE",1,"UND",8966.92,8966.92]
["2020-01-31","OTROS ( 5 )","DR26","DISCO RASTRA 26",2,"UND",3000,6000]
["2020-01-31","OTROS ( 5 )","FA. 1714","FILTRO AIRE LAF 1714",2,"UND",800,1600]
["2020-01-31","OTROS ( 5 )","FA.BT8420","FILTRO ACEITE BT 8420",2,"UND",670,1340]
["2020-01-31","OTROS ( 5 )","FA9275","FILTRO AIRE 9275",2,"UND",1315.95461,2631.90922]
["2020-01-31","OTROS ( 5 )","FA9276,","FILTRO AIRE 9276",2,"UND",1111.56,2223.12]
["2020-01-31","OTROS ( 5 )","FAL3321","FILTRO ACEITE L3321",6,"UND",460.2,2761.2]
["2020-01-31","OTROS ( 5 )","FAM","FILTRO ACEITE MITS. 1500A098",7,"UND",1029.55,7206.8499999999995]
["2020-01-31","OTROS ( 5 )","FAM,","FILTRO AIRE MITSUBISHI",5,"UND",701.39200000000005,3506.96]
["2020-01-31","OTROS ( 5 )","FAP,","FILTRO AIRE PR. A5540 ",2,"UND",4484,8968]
["2020-01-31","OTROS ( 5 )","FAPA2431","FILTRO AIRE PA 2431",1,"UND",1300,1300]
["2020-01-31","OTROS ( 5 )","FAPH","FILTRO ACEITE PH8A",6,"UND",442.5,2655]
["2020-01-31","OTROS ( 5 )","FH3373K","FILTRO HID. 3373K758-AA",3,"UND",3000,9000]
["2020-01-31","OTROS ( 5 )","FPA","FILTRO PEQ. AIRE GOLD",1,"UND",800,800]
["2020-01-31","OTROS ( 5 )","FUS10","FUSIBLE 10",2,"UND",33.04,{"$f":"+G141*E141","v":66.08}]
["2020-01-31","OTROS ( 5 )","FUS15","FUSIBLE 15",5,"UND",44.84,224.20000000000002]
["2020-01-31","OTROS ( 5 )","FUS20","FUSIBLE 20",4,"UND",90.623999999999995,362.49599999999998]
["2020-01-31","OTROS ( 5 )","FUS30","FUSIBLE 30",1,"UND",67.260000000000005,67.260000000000005]
["2020-01-31","OTROS ( 5 )","G.700R16","GOMAS 700R16",14,"UND",11044.8,154627.19999999998]
["2020-01-31","OTROS ( 5 )","G245-70R16","GOMAS 245-70R16 ",4,"UND",10513.8,42055.199999999997]
["2020-01-31","OTROS ( 5 )","JALON","JALON",1,"UND",9800,9800]
["2020-01-31","OTROS ( 5 )","JBFTN","JUEGO BANDA FRENO TRAS.N.C.1993",2,"UND",3900.0003000000002,7800.0006000000003]
["2020-01-31","OTROS ( 5 )","JJQD32","JUEGO JUNTA QD32",1,"UND",3950.0028000000002,3950.0028000000002]
["2020-01-31","OTROS ( 5 )","KBKM","KOMBAT BRAKET BANDA MIST. C.",1,"UND",800,800]
["2020-01-31","OTROS ( 5 )","KSCT","KIT SELLO Y CASQUILLO TRANSM.",1,"UND",4098.6592000000001,4098.6592000000001]
["2020-01-31","OTROS ( 5 )","LV16","LIMPIA VIDRIO 16",3,"UND",570.17600000000004,1710.5280000000002]
["2020-01-31","OTROS ( 5 )","LV18","LIMPIA VIDRIO 18",4,"UND",570.17600000000004,2280.7040000000002]
["2020-01-31","OTROS ( 5 )","LV19","LIMPIA VIDRIO 19",1,"UND",570.17600000000004,570.17600000000004]
["2020-01-31","OTROS ( 5 )","MR.","MANGUERA RADIADOR 188286-C",1,"UND",530,530]
["2020-01-31","OTROS ( 5 )","MRAST","MANGUERA RASTRA COVALTA",2,"UND",10502,21004]
["2020-01-31","OTROS ( 5 )","MRU","MANGUERA RASTRA USATEK 1/2",1,"UND",10500,10500]
["2020-01-31","OTROS ( 5 )","PL7","PANTALLA LED 7",2,"UND",1350.0026,2700.0052000000001]
["2020-01-31","OTROS ( 5 )","PWD-40","PENETRANTE WD-40 6.6 OE ",4,"UND",263.7654,1055.0616]
["2020-01-31","OTROS ( 5 )","R.67010","ROLLBEARING 67010",1,"UND",780,780]
["2020-01-31","OTROS ( 5 )","R29685/20","ROLLBEARING N.29685/20",1,"UND",550,550]
["2020-01-31","OTROS ( 5 )","RPDT","RETENEDORA PIÑA DELANT. T. TS-120",1,"UND",1800,1800]
["2020-01-31","OTROS ( 5 )","STM","SELLO TRASERO MOTOR",1,"UND",2342.5477999999998,2342.5477999999998]
["2020-01-31","OTROS ( 5 )","TA.85W-140","TANQUE AC. 85W-140",2,"UND",38822,77644]
["2020-01-31","OTROS ( 5 )","TBP,","TAZA BOLA DE LA PIÑA RAST. 6306",1,"UND",2000,2000]
["2020-01-31","OTROS ( 5 )","TCO,","TAPON COMBUSTIBLE",1,"UND",3610.8,3610.8]
["2020-01-31","OTROS ( 5 )","TERM.H.","TERMINALES HEMBRA 10",50,"UND",170.17959999999999,8508.98]
["2020-01-31","OTROS ( 5 )","TGP","TANQUE GRASA PESADA 15/40",1,"UND",49767.467600000004,49767.467600000004]
["2020-01-31","OTROS ( 5 )","TTDT.","TAZA TREN DELANT. TR.TS-6000",1,"UND",2000,2000]
["2020-01-31","PLUG DE RELAY ( 66 )","PLUG BOMBILLO H4","PLUG BOMILLO H4",1,"UND",40,40]
["2020-01-31","RELOJ TABLERO ( 158 )","RELOJ K300-465","RELOJ PRESION ACEITE",1,"UND",750,750]
["2020-01-31","RELOJ TABLERO ( 158 )","RELOJ K300-478","RELOJ GENERACION TRACTORES",1,"UND",400,400]
["2020-01-31","ROBERI ( 72 )","ROLBEARING 32208M","ROLBEARING TIMKIN 32208",7,"UND",1038,7266]
["2020-01-31","ROBERI ( 72 )","ROLBEARING 33207.A","ROLBEARING SNR 33207.A",2,"UND",550,1100]
["2020-01-31","ROBERI ( 72 )","ROLBEARING 6305.ZZ.J","ROLBEARING SNR 6305.ZZJR.",1,"UND",270,270]
["2020-01-31","ROBERI ( 72 )","ROLBEARING 802048","ROLBEARING FEDERAL MOGEL",1,"UND",916.66666999999995,916.66666999999995]
["2020-01-31","ROBERI ( 72 )","ROLBEARING LM67048/1","ROLBEARING KOYO LM67048/10",10,"UND",310,3100]
["2020-01-31","ROBERI ( 72 )","ROLBEARING M86649/10","ROLBEARING NBR M86649/10",2,"UND",550,1100]
["2020-01-31","ROLBEARING ( 193 )","ROL","ROLLBEARING 30210",1,"UND",2442.8123999999998,2442.8123999999998]
["2020-01-31","ROLBEARING ( 193 )","ROLLB","ROLLBEARING 12649",4,"UND",967.55555000000004,3870.2222000000002]
["2020-01-31","ROLBEARING ( 193 )","R3610","ROLLBERING 3610 PIÑA  D. T.",1,"UND",960,960]
["2020-01-31","ROLBEARING ( 193 )","RT6610","ROLBEARING 501349-10 T.6610",1,"UND",960,960]
["2020-01-31","ROLL BEARING PE PUNTA EJE ( 410 )","ROLL BEARIN PE PUN E","ROLL BEARIN PEQUEÑO PUNTA EJE",1,"1 KG",782.81,782.81]
["2020-01-31","ROLOS ( 59 )","ROLOS","ROLOS RASTRA",10,"UND",636.65124000000003,6366.5124000000005]
["2020-01-31","SELENOIDE ( 179 )","SELENOIDE","SELENOIDE",1,"UND",7811.6,7811.6]
["2020-01-31","SOPORTE CARDAN ( 359 )","SOPORTE CARDAN 1","SOPORTE CARDAN 1",1,"UND",2950,2950]
["2020-01-31","TANQUE ACEITE 20W50 ( 257 )","TANQUE ACEITE 20W50","TANQUE ACEITE 20W50",1,"UND",47642.5,47642.5]
["2020-01-31","TERMINALES ( 157 )","TERMINALES #12","TERMINALES #12",32,"UND",5,160]
["2020-01-31","TERMINALES ( 157 )","TERMINALES #8","TERMINALES #8",51,"UND",5,255]
["2020-01-31","TERMINALES ( 157 )","TERMINALES NO.10","TERMINALES NO.10",12,"UND",4.5714300000000003,54.857160000000007]
["2020-01-31","TRANSMISION AUTOM. ( 602 )","CTA","CUBETA TRANSMISION AUT.",1,"UND",6667.59,6667.59]
["2020-01-31","TUBOS ( 52 )","70016","TUBOS 700X16 12 LONAS",1,"UND",779.29196999999999,779.29196999999999]
["TOTAL",null,null,null,null,null,null,{"$f":"SUM(H12:H192)","v":912974.07833000005}]
[]
[]
[]
[]
[]
[]
[]
[]
[]
[]
[]
[]
[]
[]
[]
[]
[]
[]
[]
[]
[]
[]
[]
[]
[]
[]
[]
[]
[]
[]
[]
[]
[]
[]
["INSTITUTO DEL TABACO DE LA REPÚBLICA DOMINICANA"]
["INVENTARIO DE TALLER DE MECANICA"]
["MES DE AGOSTO 2022"]
[]
["Fecha de adquisición y/o registro","Artículo","Código institucional","Descripción artículo","Existencia","Unidad","Costo","Valor"]
[]
[]
[]
[]
["2015-10-20","BATERIA ( 176 )","HERRAMIENTAS ( 10 )","BATERIA  17-12","BATERIA 17-12",4,"UND",8630]
["2015-10-20","BATERIA ( 176 )","HERRAMIENTAS ( 10 )","BATERIA 15-12","BATERIA 15-12",6,"UND",7775]
["2015-10-20","BOMBILLOS ( 51 )","HERRAMIENTAS ( 10 )","BOMBILLOS 1 CONTACT.","BOMBILLOS 12V 21W 1 CONTACTO",19,"UND",125]
["2013-09-12","BOMBILLOS ( 51 )","HERRAMIENTAS ( 10 )","BOMBILLOS H3 24V","BOMBILLOS H3 24V",2,"UND",225]
["2016-09-16","BOMBILLOS ( 51 )","HERRAMIENTAS ( 10 )","BOMBILLOS H4","BOMBILLOS H4 24V TRACTORES",7,"UND",225]
["2016-03-09","CAMISAS ( 43 )","HERRAMIENTAS ( 10 )","CAMISAS MOTOR","CAMISAS MOTOR FORD 6610",4,"UND",1564.97]
["2016-03-09","CANDADOS ( 54 )","OTROS ( 12 )","C.T.E.R","CANDAD.TUERC.EJE RAST",6,"UND",3.8]
["2015-04-23","CORREAS ( 49 )","HERRAMIENTAS ( 10 )","CORREA","CORREA AX41",2,"UND",799]
["2015-04-23","CORREAS ( 49 )","HERRAMIENTAS ( 10 )","CORREA 1737013A0940","CORREA 17070 13 A 0940",2,"UND",300]
["2015-04-23","CORREAS ( 49 )","HERRAMIENTAS ( 10 )","CORREA A1046LD","CORREA OPTIBELT A1046LD",2,"UND",412]
["2015-04-23","CORREAS ( 49 )","HERRAMIENTAS ( 10 )","CORREA DAYCO 17295","CORREA DAYCO 13A07501",1,"UND",262.5]
["2014-02-03","CORREAS ( 49 )","HERRAMIENTAS ( 10 )","CORREA DAYCO 17350","CORREA 13 A 0890 17350",1,"UND",300]
["2016-03-14","CORREAS ( 49 )","HERRAMIENTAS ( 10 )","CORREA.","CORREA AX49",1,"UND",1205.96]
["2016-03-14","CORREAS ( 49 )","HERRAMIENTAS ( 10 )","CORREA...","CORREA AX52",1,"UND",1738.14]
["2016-03-14","CORREAS ( 49 )","HERRAMIENTAS ( 10 )","CORREAS 17515","CORREAS 17575",2,"UND",250]
["2016-03-14","CORREAS ( 49 )","HERRAMIENTAS ( 10 )","CORREAS 5425","CORREAS 15425",1,"UND",200]
["2016-03-14","CORREAS ( 49 )","HERRAMIENTAS ( 10 )","CORREAS AX53","CORREAS HERCULES AX53",3,"UND",400]
["2016-03-14","CRUCETAS ( 47 )","HERRAMIENTAS ( 10 )","CRUCETA GMB","CRUCETA GMB",3,"UND",475]
["2016-03-14","FILTRO ( 466 )","FILTROS TALLER ( 24 )","F A","FILTRO AIRE 16546-T3400",4,"UND",304]
["2016-03-14","FILTRO ( 466 )","FILTROS TALLER ( 24 )","F A  W962","FILTRO ACEITE MAN W962 TS-120",1,"UND",666.99769000000003]
["2016-03-14","FILTRO ( 466 )","FILTROS TALLER ( 24 )","F, A","FILTRO AIRE A5005",4,"UND",799.44203000000005]
["2016-03-14","FILTRO ( 466 )","FILTROS TALLER ( 24 )","F,A.","FILTRO AIRE 87344135",2,"UND",604.01197999999999]
["2016-03-14","FILTRO ( 466 )","FILTROS TALLER ( 24 )","FA,,","FILTRO AIRE 87344136",2,"UND",475.56049999999999]
["2016-03-14","FILTRO ( 466 )","FILTROS TALLER ( 24 )","FA. J5570","FILTRO AIRE 16546-J5570",3,"UND",542.79999999999995]
["2016-03-14","FILTRO ( 466 )","FILTROS TALLER ( 24 )","FA1172","FILTRO AIRE 117200090150",10,"UND",1587.1]
["2018-04-10","FILTRO ( 466 )","FILTROS TALLER ( 24 )","FA170801","FILTRO AIRE MIT. DAH. 17801-87303",4,"UND",941.64]
["2016-10-25","FILTRO ( 466 )","FILTROS TALLER ( 24 )","FAA-20","FILTRO ACEITE A-20",6,"UND",1056.0999999999999]
["2016-10-25","FILTRO ( 466 )","FILTROS TALLER ( 24 )","FAA5541","FILTRO AIRE 46562 A5541",2,"UND",1652]
["2016-10-25","FILTRO ( 466 )","FILTROS TALLER ( 24 )","FAAD56","FILTRO ACEITE 4D56 AD-51343",10,"UND",354]
["2016-03-09","FILTRO ( 466 )","FILTROS TALLER ( 24 )","FAB7179","FILTRO ACEITE B-7179",6,"UND",531]
["2017-03-09","FILTRO ( 466 )","FILTROS TALLER ( 24 )","FABF1361","FILTRO ACEITE BF1361",6,"UND",2713.5043999999998]
["2017-03-09","FILTRO ( 466 )","FILTROS TALLER ( 24 )","FABT1600","FILTRO ACEITE BT 838257421PF1600",3,"UND",2883.92]
["2017-03-09","FILTRO ( 466 )","FILTROS TALLER ( 24 )","FABT9471","FILTRO ACEITE BT-9471",8,"UND",1204.78]
["2017-09-17","FILTRO ( 466 )","FILTROS TALLER ( 24 )","FAC,","FILTRO AIRE CANTER ME017242",3,"UND",767]
["2017-09-17","FILTRO ( 466 )","FILTROS TALLER ( 24 )","FAC-1008","FILTRO ACEITE C-1008",6,"UND",649]
["2016-02-09","FILTRO ( 466 )","FILTROS TALLER ( 24 )","FAC71791","FILTRO ACEITE CAMION M. 51791",6,"UND",472]
["2016-02-09","FILTRO ( 466 )","FILTROS TALLER ( 24 )","FACAN","FILTRO AIRE CANTER",5,"UND",767]
["2017-01-24","FILTRO ( 466 )","FILTROS TALLER ( 24 )","FAD.","FILTRO AIRE DAH.178001-87003",5,"UND",960.52]
["2016-02-09","FILTRO ( 466 )","FILTROS TALLER ( 24 )","FAFD22","FILTRO AIRE F.D22QD32VM00A",1,"UND",236]
["2016-02-09","FILTRO ( 466 )","FILTROS TALLER ( 24 )","FAJCB","FILTRO AIRE JCB 49275 549275",1,"UND",3098.68]
["2016-02-09","FILTRO ( 466 )","FILTROS TALLER ( 24 )","FAM17801-50040","FILTRO AIRE MOTOR 17801-50040",4,"UND",364.53469000000001]
["2016-02-09","FILTRO ( 466 )","FILTROS TALLER ( 24 )","FAMO","FILTRO AIRE MOTERO 01",3,"UND",1003]
["2016-02-09","FILTRO ( 466 )","FILTROS TALLER ( 24 )","FANF","FILTRO AIRE NISSAN F. 16546-25601",2,"UND",2500]
["2016-02-09","FILTRO ( 466 )","FILTROS TALLER ( 24 )","FANH","FILTRO ACEITE N.H.57794 BT8899",4,"UND",2200.6999999999998]
["2016-02-09","FILTRO ( 466 )","FILTROS TALLER ( 24 )","FAOB3325","FILTRO ACEITE OB3325",6,"UND",448.4]
["2016-02-09","FILTRO ( 466 )","FILTROS TALLER ( 24 )","FAPH36A","FILTRO ACEITE PH36A",6,"UND",295]
["2016-02-09","FILTRO ( 466 )","FILTROS TALLER ( 24 )","FAUA5540","FILTRO AIRE UNIV 46569 A5540",2,"UND",708]
["2016-02-09","FILTRO ( 466 )","FILTROS TALLER ( 24 )","FAW719/15","FILTRO ACEITE W719/15",4,"UND",466.1]
["2016-02-09","FILTRO ( 466 )","FILTROS TALLER ( 24 )","FG FC-1022","FILTRO GASOIL FC-1022",3,"UND",313.88]
["2016-02-09","FILTRO ( 466 )","FILTROS TALLER ( 24 )","FG PS-6643","FILTRO GASOIL PS-6643",4,"UND",1085.0325]
["2016-02-09","FILTRO ( 466 )","FILTROS TALLER ( 24 )","FG14B","FILTRO G.14B UNION 4053",5,"UND",188.8]
["2016-02-09","FILTRO ( 466 )","FILTROS TALLER ( 24 )","FG7934","FILTRO GASOIL FC-7934 REG2420",5,"UND",531]
["2016-02-09","FILTRO ( 466 )","FILTROS TALLER ( 24 )","FGA,","FILTRO GASOIL FC1104",6,"UND",216.25488000000001]
["2016-02-09","FILTRO ( 466 )","FILTROS TALLER ( 24 )","FGA-33358","FILTRO GASOIL A-33358",6,"UND",755.2]
["2016-02-09","FILTRO ( 466 )","FILTROS TALLER ( 24 )","FGBF7608","FILTRO GASOIL BF7608",4,"UND",861.61451999999997]
["2016-02-09","FILTRO ( 466 )","FILTROS TALLER ( 24 )","FGBF884","FILTRO GASOIL BF 884",6,"UND",1189.1096]
["2016-02-09","FILTRO ( 466 )","FILTROS TALLER ( 24 )","FGFORD","FILTRO GASOIL FORD73 33417",5,"UND",802.4]
["2017-10-05","FILTRO ( 466 )","FILTROS TALLER ( 24 )","FGMF","FILTRO GASOIL M.F.6VT USA",9,"UND",295]
["2017-03-09","FILTRO ( 466 )","FILTROS TALLER ( 24 )","FGMIT.","FILTRO GASOIL MIT.A-292",4,"UND",259.60000000000002]
["2017-03-09","FILTRO ( 466 )","FILTROS TALLER ( 24 )","FGNTD27","FILTRO GASOIL N.TD27 FC-1806",4,"UND",236]
["2017-03-09","FILTRO ( 466 )","FILTROS TALLER ( 24 )","FGP346P","FILTRO GASOIL P-346P",6,"UND",578.20000000000005]
["2017-03-09","FILTRO ( 466 )","FILTROS TALLER ( 24 )","FGSFF-J","FILTRO GASOIL SFF-J7056-64010",5,"UND",341.12619999999998]
["2017-03-09","FILTRO ( 466 )","FILTROS TALLER ( 24 )","FIL A","FILTRO AIRE 16405-02N10",3,"UND",173.20414]
["2017-03-09","FILTRO ( 466 )","FILTROS TALLER ( 24 )","FL3321","FILTROS L3321",20,"UND",472]
["2016-02-09","FILTROS DE ACEITE ( 33 )","FILTROS TALLER ( 24 )","F ACEI. LU.FINPH6715","FILTRO ACEITE LUB.FIN.PH6715 FORD 6610",5,"UND",379.31]
["2016-02-09","FILTROS DE AIRE ( 32 )","FILTROS TALLER ( 24 )","F ACEI. WIX 51602","FILTRO ACEITE PLANTA CUMMINS",8,"UND",270]
["2016-02-09","FILTROS DE AIRE ( 32 )","FILTROS TALLER ( 24 )","F ACEI.BALD.BD355","FILTRO ACEITE MITSUBISHI ",3,"UND",410]
["2016-02-09","FILTROS DE AIRE ( 32 )","FILTROS TALLER ( 24 )","F ACEI.FLET.G.LF3345","FILTRO ACEITE PLANT.CUMMINS",1,"UND",256.35199999999998]
["2016-02-09","FILTROS DE AIRE ( 32 )","FILTROS TALLER ( 24 )","F ACEI.WIX 51607","FILTRO ACEITE PLANT.CUMINS",5,"UND",125]
["2016-02-09","FILTROS DE AIRE ( 32 )","FILTROS TALLER ( 24 )","F GAS 23390-64480","FILTRO GS.TANAKA PRADO",2,"UND",521]
["2016-02-09","FILTROS DE AIRE ( 32 )","FILTROS TALLER ( 24 )","F GAS. 23390-OL010","FILTRO GASOIL HILUX",2,"UND",290]
["2016-02-09","FILTROS DE AIRE ( 32 )","FILTROS TALLER ( 24 )","F GAS. BALD.BF1205-S","FILTRO GASOIL NEW.HOL.6000",7,"UND",917.29304000000002]
["2016-02-09","FILTROS DE AIRE ( 32 )","FILTROS TALLER ( 24 )","F GAS. BALD.P7088","FILTRO GASOIL PLANT. CATERP.",5,"UND",420]
["2016-02-09","FILTROS DE AIRE ( 32 )","FILTROS TALLER ( 24 )","F GAS. BALDWIN FP-10","FILTRO GASOIL PLANT. CATERP.",3,"UND",241]
["2016-02-09","FILTROS DE AIRE ( 32 )","FILTROS TALLER ( 24 )","F GAS. LFF-8930","FILTRO GASOIL TOYOTA RUNNER",6,"UND",521]
["2016-02-09","FILTROS DE AIRE ( 32 )","FILTROS TALLER ( 24 )","F GAS. WIX 33138","FILTRO GASOIL TOYOTA",3,"UND",236]
["2016-02-09","FILTROS DE AIRE ( 32 )","FILTROS TALLER ( 24 )","F GAS. WIX 33196","FILTRO GASOIL NEW HOL. TS120",1,"UND",742]
["2016-02-09","FILTROS DE AIRE ( 32 )","FILTROS TALLER ( 24 )","F GAS. WIX 33352","FILTRO GASOIL PLANTA CATERP.",3,"UND",330]
["2016-02-09","FILTROS DE AIRE ( 32 )","FILTROS TALLER ( 24 )","F GAS. WIX 33386","FILTRO GASOIL CAMION CANTER",2,"UND",397]
["2016-02-09","FILTROS DE AIRE ( 32 )","FILTROS TALLER ( 24 )","F GAS.33239 ","FILTRO GASOIL INTERN.Y/O COMASU",8,"UND",267]
["2016-02-09","FILTROS DE AIRE ( 32 )","FILTROS TALLER ( 24 )","F GAS.BALD.BF7532","FILTRO GASOIL NISSAN CIVILIAN",2,"UND",367]
["2016-02-09","FILTROS DE AIRE ( 32 )","FILTROS TALLER ( 24 )","F GAS.LUB.F.FP-941F","FILTRO G. MITS. 5103-0015",2,"UND",312]
["2016-02-09","FILTROS DE AIRE ( 32 )","FILTROS TALLER ( 24 )","F HID.F.G.51712","FILTRO HIDRAU. NISSAN FRONTIER",2,"UND",669]
["2016-02-09","FILTROS DE AIRE ( 32 )","FILTROS TALLER ( 24 )","F HID.WIX 51791","FILTRO HIDRAUL. PLANTA CATERP.",1,"UND",330]
["2016-02-09","FILTROS DE AIRE ( 32 )","FILTROS TALLER ( 24 )","FA. 52087","FILTRO AIRE PUROL.PLANTA CATERPILAR",4,"UND",1900]
["2016-02-09","FILTROS DE AIRE ( 32 )","FILTROS TALLER ( 24 )","FA. CA1588SY FORD","FILTRO AIRE FORD 6610",3,"UND",1136.5]
["2016-02-09","FILTROS DE AIRE ( 32 )","FILTROS TALLER ( 24 )","FA. LAF 1741","FILTRO  AIRE TRACTOR YANMAR",2,"UND",2035]
["2016-02-09","FILTROS DE AIRE ( 32 )","FILTROS TALLER ( 24 )","FA. N/R","FILTRO AIRE N/R PLANTA CUMINGS",2,"UND",1002]
["2016-02-09","FILTROS DE AIRE ( 32 )","FILTROS TALLER ( 24 )","FA. PA2432  FORD ","FILTRO AIRE FORD 6610",3,"UND",997]
["2016-02-09","FILTROS DE AIRE ( 32 )","FILTROS TALLER ( 24 )","FA. PA2845","FILTRO AIRE BALD. FORD 6610",1,"UND",1345]
["2016-02-09","FILTROS DE AIRE ( 32 )","FILTROS TALLER ( 24 )","FA. WIX 42852 ","FILTRO AIRE PLANTA CATERPILAR",3,"UND",1895]
["2016-02-09","FILTROS DE AIRE ( 32 )","FILTROS TALLER ( 24 )","FA.17801-0C010","FILTRO AIRE HILUX",2,"UND",305]
["2016-02-09","FILTROS DE AIRE ( 32 )","FILTROS TALLER ( 24 )","FA.17801-56010 ","FILTRO AIRE CAMION DAIHATSU",2,"UND",455]
["2016-02-09","FILTROS DE GASOIL ( 34 )","FILTROS TALLER ( 24 )","F GAS 16405-01170","FILTRO GAS SAKURA 16405-01170 NISSAN",1,"UND",622.85]
["2016-02-09","FLASH ( 63 )","HERRAMIENTAS ( 10 )","FLASH DIRECCIONAL","FLAS DIRECCIONAL",2,"UND",275]
["2016-02-09","GALLETA ( 305 )","HERRAMIENTAS ( 10 )","GALLETA.","GALLETA MACHO",2,"UND",3050.4484200000002]
["2016-02-09","GALON ACEITE MOTOR ( 353 )","OTROS ( 12 )","GALON","GALON ACEITE 15W40",3,"GAL",1153.45]
["2016-02-09","GOMAS ( 61 )","HERRAMIENTAS ( 10 )","14924","GOMAS P/T 14-9-24",9,"UND",33600.5]
["2016-02-09","GOMAS ( 61 )","HERRAMIENTAS ( 10 )","7001612","GOMAS 700X16 12 LONAS",1,"UND",7425.3505999999998]
["2016-02-09","GOMAS ( 61 )","HERRAMIENTAS ( 10 )","G-18434","GOMAS 18-4-34",10,"UND",53772.6]
["2016-02-09","JUNTA DEL KRANK ( 478 )","HERRAMIENTAS ( 10 )","JUNTA DEL KRANK","JUNTA DEL KRANK",1,"UND",6703.5564000000004]
["2016-02-09","MANGUERAS ( 36 )","HERRAMIENTAS ( 10 )","MANGUERA.","MANGUERA HIDRAULICA",2,"UND",3543.2699400000001]
["2016-02-09","OTROS ( 5 )","BOMBAS ( 8 )","BFTN","BOMBA FRENO TRASERO N.C.1993",1,"UND",6490]
["2016-02-09","OTROS ( 5 )","OTROS ( 12 )","AB 2 1/2","ABRAZADERA 2 1/2",4,"UND",97.94]
["2016-02-09","OTROS ( 5 )","OTROS ( 12 )","AB1/2","ABRAZADERA 1/2",2,"UND",80.239999999999995]
["2016-02-09","OTROS ( 5 )","OTROS ( 12 )","AB2","ABRAZADERA 2",9,"UND",87.32]
["2016-02-09","OTROS ( 5 )","OTROS ( 12 )","AR15","AROS RASTRA #15",2,"UND",8250]
["2016-02-09","OTROS ( 5 )","OTROS ( 12 )","ASIENT TRA  TS-120","ASIENTO TRA TS-120",1,"UND",9322]
["2020-01-31","OTROS ( 5 )","OTROS ( 12 )","B12V21W","BOMBILLOS 12V 21W",14,"UND",593.70519999999999]
["2020-01-31","OTROS ( 5 )","OTROS ( 12 )","BBE.","BUSHING BARRA ESTAB. L200",2,"UND",960]
["2020-01-31","OTROS ( 5 )","OTROS ( 12 )","BC..","BABIT CIG TD27 QD32 STD TAHO",1,"UND",1974.9659999999999]
["2020-01-31","OTROS ( 5 )","OTROS ( 12 )","BCA","BUSHING CATRE ABAJO L200",2,"UND",960]
["2020-01-31","OTROS ( 5 )","OTROS ( 12 )","BCA,","BUSHING CATRE ARRIBA L200 ",2,"UND",960]
["2020-01-31","OTROS ( 5 )","OTROS ( 12 )","BCTD27","BABIT CIG STD TD27 QD32 NDC",1,"UND",950.00620000000004]
["2020-01-31","OTROS ( 5 )","OTROS ( 12 )","BFCDD","BANDA FRENO COMP. D.D.2006",2,"UND",3600.0030000000002]
["2020-01-31","OTROS ( 5 )","OTROS ( 12 )","BFCHC","BANDA FRENO COMP. H.C. MOD.2002",2,"UND",3649.9760000000001]
["2020-01-31","OTROS ( 5 )","OTROS ( 12 )","BFCM","BANDA FRENO COMP. M. MOD.2002",2,"UND",3799.9882200000002]
["2020-01-31","OTROS ( 5 )","OTROS ( 12 )","BFCNF","BANDA FRENO COMP. N.F. MOD.2005",1,"UND",1850.0039999999999]
["2020-01-31","OTROS ( 5 )","OTROS ( 12 )","BHM","BUSHING HOJA MUELLE L200",3,"UND",960]
["2020-01-31","OTROS ( 5 )","OTROS ( 12 )","CBX46","CORREA B X 46",1,"UND",1546]
["2020-01-31","OTROS ( 5 )","OTROS ( 12 )","CDD.","CASQUILLO DAH.DELANTERO",1,"UND",1500]
["2020-01-31","OTROS ( 5 )","OTROS ( 12 )","CDEL","CRUCETA DELTA ",4,"UND",1064.9972]
["2020-01-31","OTROS ( 5 )","OTROS ( 12 )","CPR","CHUMACERA P/RASTRA",12,"UND",15222]
["2020-01-31","OTROS ( 5 )","OTROS ( 12 )","CR,","COLLARINGN RASA",1,"UND",1650.0057999999999]
["2020-01-31","OTROS ( 5 )","OTROS ( 12 )","CT,.","CORREA TRACTOR",1,"UND",2891]
["2020-01-31","OTROS ( 5 )","OTROS ( 12 )","DES","DESGONCE",1,"UND",8966.92]
["2020-01-31","OTROS ( 5 )","OTROS ( 12 )","DR26","DISCO RASTRA 26",2,"UND",3000]
["2020-01-31","OTROS ( 5 )","OTROS ( 12 )","ER18","EJE DE RASTRA 18",6,"UND",18644]
["2020-01-31","OTROS ( 5 )","OTROS ( 12 )","FA. 1714","FILTRO AIRE LAF 1714",2,"UND",800]
["2020-01-31","OTROS ( 5 )","OTROS ( 12 )","FA.BT8420","FILTRO ACEITE BT 8420",2,"UND",670]
["2020-01-31","OTROS ( 5 )","OTROS ( 12 )","FA9275","FILTRO AIRE 9275",2,"UND",1315.95461]
["2020-01-31","OTROS ( 5 )","OTROS ( 12 )","FA9276,","FILTRO AIRE 9276",2,"UND",1111.56]
["2020-01-31","OTROS ( 5 )","OTROS ( 12 )","FAL3321","FILTRO ACEITE L3321",6,"UND",460.2]
["2020-01-31","OTROS ( 5 )","OTROS ( 12 )","FAM","FILTRO ACEITE MITS. 1500A098",6,"UND",1029.55]
["2020-01-31","OTROS ( 5 )","OTROS ( 12 )","FAM,","FILTRO AIRE MITSUBISHI",5,"UND",701.39200000000005]
["2020-01-31","OTROS ( 5 )","OTROS ( 12 )","FAP,","FILTRO AIRE PR. A5540 ",2,"UND",4484]
["2020-01-31","OTROS ( 5 )","OTROS ( 12 )","FAPA2431","FILTRO AIRE PA 2431",1,"UND",1300]
["2020-01-31","OTROS ( 5 )","OTROS ( 12 )","FAPH","FILTRO ACEITE PH8A",6,"UND",442.5]
["2020-01-31","OTROS ( 5 )","OTROS ( 12 )","FH3373K","FILTRO HID. 3373K758-AA",3,"UND",3000]
["2020-01-31","OTROS ( 5 )","OTROS ( 12 )","FPA","FILTRO PEQ. AIRE GOLD",1,"UND",800]
["2020-01-31","OTROS ( 5 )","OTROS ( 12 )","FUS10","FUSIBLE 10",2,"UND",33.04]
["2020-01-31","OTROS ( 5 )","OTROS ( 12 )","FUS15","FUSIBLE 15",5,"UND",44.84]
["2020-01-31","OTROS ( 5 )","OTROS ( 12 )","FUS20","FUSIBLE 20",4,"UND",90.623999999999995]
["2020-01-31","OTROS ( 5 )","OTROS ( 12 )","FUS30","FUSIBLE 30",1,"UND",67.260000000000005]
["2020-01-31","OTROS ( 5 )","OTROS ( 12 )","G.700R16","GOMAS 700R16",14,"UND",11044.8]
["2020-01-31","OTROS ( 5 )","OTROS ( 12 )","G245-70R16","GOMAS 245-70R16 ",4,"UND",10513.8]
["2020-01-31","OTROS ( 5 )","OTROS ( 12 )","JALON","JALON",1,"UND",9800]
["2020-01-31","OTROS ( 5 )","OTROS ( 12 )","JBFTN","JUEGO BANDA FRENO TRAS.N.C.1993",2,"UND",3900.0003000000002]
["2020-01-31","OTROS ( 5 )","OTROS ( 12 )","JJQD32","JUEGO JUNTA QD32",1,"UND",3950.0028000000002]
["2020-01-31","OTROS ( 5 )","OTROS ( 12 )","KBKM","KOMBAT BRAKET BANDA MIST. C.",1,"UND",800]
["2020-01-31","OTROS ( 5 )","OTROS ( 12 )","KRTD","KIT RETENEDORA TREN DEL. NH.",1,"UND",15608.544400000001]
["2020-01-31","OTROS ( 5 )","OTROS ( 12 )","KSCT","KIT SELLO Y CASQUILLO TRANSM.",1,"UND",4098.6592000000001]
["2020-01-31","OTROS ( 5 )","OTROS ( 12 )","LV16","LIMPIA VIDRIO 16",3,"UND",570.17600000000004]
["2020-01-31","OTROS ( 5 )","OTROS ( 12 )","LV18","LIMPIA VIDRIO 18",4,"UND",570.17600000000004]
["2020-01-31","OTROS ( 5 )","OTROS ( 12 )","LV19","LIMPIA VIDRIO 19",1,"UND",570.17600000000004]
["2020-01-31","OTROS ( 5 )","OTROS ( 12 )","MR.","MANGUERA RADIADOR 188286-C",1,"UND",530]
["2020-01-31","OTROS ( 5 )","OTROS ( 12 )","MRAST","MANGUERA RASTRA COVALTA",2,"UND",10502]
["2020-01-31","OTROS ( 5 )","OTROS ( 12 )","MRU","MANGUERA RASTRA USATEK 1/2",1,"UND",10500]
["2020-01-31","OTROS ( 5 )","OTROS ( 12 )","PL7","PANTALLA LED 7",2,"UND",1350.0026]
["2020-01-31","OTROS ( 5 )","OTROS ( 12 )","PWD-40","PENETRANTE WD-40 6.6 OE ",3,"UND",263.7654]
["2020-01-31","OTROS ( 5 )","OTROS ( 12 )","R.67010","ROLLBEARING 67010",1,"UND",780]
["2020-01-31","OTROS ( 5 )","OTROS ( 12 )","R29685/20","ROLLBEARING N.29685/20",1,"UND",550]
["2020-01-31","OTROS ( 5 )","OTROS ( 12 )","RPDT","RETENEDORA PIÑA DELANT. T. TS-120",1,"UND",1800]
["2020-01-31","OTROS ( 5 )","OTROS ( 12 )","S4X4NH","SELENOIDE 4X4 NH.TS6000",1,"UND",10502]
["2020-01-31","OTROS ( 5 )","OTROS ( 12 )","SPDNH","SUNCHO PIÑA DEL. NH. TS6000",1,"UND",18608.895]
["2020-01-31","OTROS ( 5 )","OTROS ( 12 )","STM","SELLO TRASERO MOTOR",1,"UND",2342.5477999999998]
["2020-01-31","OTROS ( 5 )","OTROS ( 12 )","TA.85W-140","TANQUE AC. 85W-140",2,"UND",38822]
["2020-01-31","OTROS ( 5 )","OTROS ( 12 )","TBP,","TAZA BOLA DE LA PIÑA RAST. 6306",1,"UND",2000]
["2020-01-31","OTROS ( 5 )","OTROS ( 12 )","TERM.H.","TERMINALES HEMBRA 10",50,"UND",170.17959999999999]
["2020-01-31","OTROS ( 5 )","OTROS ( 12 )","TGP","TANQUE GRASA PESADA 15/40",1,"UND",49767.467600000004]
["2020-01-31","OTROS ( 5 )","OTROS ( 12 )","TTDT.","TAZA TREN DELANT. TR.TS-6000",1,"UND",2000]
["2020-01-31","PLUG DE RELAY ( 66 )","HERRAMIENTAS ( 10 )","PLUG BOMBILLO H4","PLUG BOMILLO H4",1,"UND",40]
["2020-01-31","RELOJ TABLERO ( 158 )","HERRAMIENTAS ( 10 )","RELOJ K300-465","RELOJ PRESION ACEITE",1,"UND",750]
["2020-01-31","RELOJ TABLERO ( 158 )","HERRAMIENTAS ( 10 )","RELOJ K300-478","RELOJ GENERACION TRACTORES",1,"UND",400]
["2020-01-31","ROBERI ( 72 )","HERRAMIENTAS ( 10 )","ROLBEARING 32208M","ROLBEARING TIMKIN 32208",7,"UND",1038]
["2020-01-31","ROBERI ( 72 )","HERRAMIENTAS ( 10 )","ROLBEARING 33207.A","ROLBEARING SNR 33207.A",2,"UND",550]
["2020-01-31","ROBERI ( 72 )","HERRAMIENTAS ( 10 )","ROLBEARING 6305.ZZ.J","ROLBEARING SNR 6305.ZZJR.",1,"UND",270]
["2020-01-31","ROBERI ( 72 )","HERRAMIENTAS ( 10 )","ROLBEARING 802048","ROLBEARING FEDERAL MOGEL",1,"UND",916.66666999999995]
["2020-01-31","ROBERI ( 72 )","HERRAMIENTAS ( 10 )","ROLBEARING LM67048/1","ROLBEARING KOYO LM67048/10",10,"UND",310]
["2020-01-31","ROBERI ( 72 )","HERRAMIENTAS ( 10 )","ROLBEARING M86649/10","ROLBEARING NBR M86649/10",2,"UND",550]
["2020-01-31","ROLBEARING ( 193 )","HERRAMIENTAS ( 10 )","ROL","ROLLBEARING 30210",1,"UND",2442.8123999999998]
["2020-01-31","ROLBEARING ( 193 )","HERRAMIENTAS ( 10 )","ROLLB","ROLLBEARING 12649",4,"UND",967.55555000000004]
["2020-01-31","ROLBEARING ( 193 )","OTROS ( 12 )","R3610","ROLLBERING 3610 PIÑA  D. T.",1,"UND",960]
["2020-01-31","ROLBEARING ( 193 )","OTROS ( 12 )","RT6610","ROLBEARING 501349-10 T.6610",1,"UND",960]
["2020-01-31","ROLL BEARING PE PUNTA EJE ( 410 )","HERRAMIENTAS ( 10 )","ROLL BEARIN PE PUN E","ROLL BEARIN PEQUEÑO PUNTA EJE",1,"1 KG",782.81]
["2020-01-31","ROLOS ( 59 )","OTROS ( 12 )","ROLOS","ROLOS RASTRA",10,"UND",636.65124000000003]
["2020-01-31","SELENOIDE ( 179 )","HERRAMIENTAS ( 10 )","SELENOIDE","SELENOIDE",1,"UND",7811.6]
["2020-01-31","SOPORTE CARDAN ( 359 )","HERRAMIENTAS ( 10 )","SOPORTE CARDAN 1","SOPORTE CARDAN 1",1,"UND",2950]
["2020-01-31","TANQUE ACEITE 20W50 ( 257 )","HERRAMIENTAS ( 10 )","TANQUE ACEITE 20W50","TANQUE ACEITE 20W50",2,"UND",55332.166669999999]
["2020-01-31","TERMINALES ( 157 )","HERRAMIENTAS ( 10 )","TERMINALES #12","TERMINALES #12",32,"UND",5]
["2020-01-31","TERMINALES ( 157 )","HERRAMIENTAS ( 10 )","TERMINALES #8","TERMINALES #8",51,"UND",5]
["2020-01-31","TERMINALES ( 157 )","HERRAMIENTAS ( 10 )","TERMINALES NO.10","TERMINALES NO.10",12,"UND",4.5714300000000003]
["2020-01-31","TRANSMISION AUTOM. ( 602 )","OTROS ( 12 )","CTA","CUBETA TRANSMISION AUT.",1,"UND",6667.59]
["2020-01-31","TUBOS ( 52 )","HERRAMIENTAS ( 10 )","14-924","TUBOS P/G 14-9-24",10,"UND",2655]
["2022-08-31","TUBOS ( 52 )","HERRAMIENTAS ( 10 )","18434","TUBOS P/G 18-4-34",10,"UND",4849.8]
["2022-08-31","TUBOS ( 52 )","HERRAMIENTAS ( 10 )","70016","TUBOS 700X16 12 LONAS",11,"UND",757.39017999999999]
[]
["TOTAL",null,null,null,null,null,null,{"$f":"SUM(H237:H433)","v":613610.86259999999}]
[]
[]
[]
[]
[]
[]
[]
[]
[]
[]
[]
["INSTITUTO DEL TABACO DE LA REPÚBLICA DOMINICANA"]
["INVENTARIO DE TALLER DE MECANICA"]
["MES DE SEPTIEMBRE 2022"]
[]
["Fecha de adquisición y/o registro","Artículo","Código institucional","Descripción artículo","Existencia","Unidad","Costo","Valor"]
[]
[]
[]
[]
["2015-10-20","BANDAS ( 78 )","BANDA T N","BANDAS TRACERA NISSAN",2,"UND",1300,{"$f":"+G455*E455","v":2600}]
["2015-10-20","BOMBILLOS ( 51 )","BATERIA  17-12","BATERIA 17-12",3,"UND",8630,{"$f":"+G456*E456","v":25890}]
["2015-10-20","BOMBILLOS ( 51 )","BATERIA 15-12","BATERIA 15-12",3,"UND",7775,23325]
["2013-09-12","BOMBILLOS ( 51 )","BOMBILLOS 1 CONTACT.","BOMBILLOS 12V 21W 1 CONTACTO",19,"UND",125,2375]
["2016-09-16","CAMISAS ( 43 )","BOMBILLOS H3 24V","BOMBILLOS H3 24V",2,"UND",225,450]
["2016-03-09","CANDADOS ( 54 )","BOMBILLOS H4","BOMBILLOS H4 24V TRACTORES",7,"UND",225,1575]
["2016-03-09","CORREAS ( 49 )","CAMISAS MOTOR","CAMISAS MOTOR FORD 6610",4,"UND",1564.97,6259.88]
["2015-04-23","CORREAS ( 49 )","C.T.E.R","CANDAD.TUERC.EJE RAST",6,"UND",3.8,22.799999999999997]
["2015-04-23","CORREAS ( 49 )","CORREA","CORREA AX41",2,"UND",799,1598]
["2015-04-23","CORREAS ( 49 )","CORREA 1737013A0940","CORREA 17070 13 A 0940",2,"UND",300,600]
["2015-04-23","CORREAS ( 49 )","CORREA A1046LD","CORREA OPTIBELT A1046LD",2,"UND",412,824]
["2014-02-03","CORREAS ( 49 )","CORREA DAYCO 17295","CORREA DAYCO 13A07501",1,"UND",262.5,262.5]
["2016-03-14","CORREAS ( 49 )","CORREA DAYCO 17350","CORREA 13 A 0890 17350",1,"UND",300,300]
["2016-03-14","CORREAS ( 49 )","CORREA.","CORREA AX49",1,"UND",1205.96,1205.96]
["2016-03-14","CORREAS ( 49 )","CORREA...","CORREA AX52",1,"UND",1738.14,1738.14]
["2016-03-14","CORREAS ( 49 )","CORREAS 17515","CORREAS 17575",2,"UND",250,500]
["2016-03-14","CRUCETAS ( 47 )","CORREAS 5425","CORREAS 15425",1,"UND",200,200]
["2016-03-14","FILTRO ( 466 )","CORREAS AX53","CORREAS HERCULES AX53",3,"UND",400,1200]
["2016-03-14","FILTRO ( 466 )","CRUCETA GMB","CRUCETA GMB",3,"UND",475,1425]
["2016-03-14","FILTRO ( 466 )","F A","FILTRO AIRE 16546-T3400",4,"UND",304,1216]
["2016-03-14","FILTRO ( 466 )","F, A","FILTRO AIRE A5005",4,"UND",799.44203000000005,3197.7681200000002]
["2016-03-14","FILTRO ( 466 )","F,A.","FILTRO AIRE 87344135",1,"UND",604.01197999999999,604.01197999999999]
["2016-03-14","FILTRO ( 466 )","FA,,","FILTRO AIRE 87344136",1,"UND",475.56049999999999,475.56049999999999]
["2016-03-14","FILTRO ( 466 )","FA. J5570","FILTRO AIRE 16546-J5570",3,"UND",542.79999999999995,1628.3999999999999]
["2016-03-14","FILTRO ( 466 )","FA1172","FILTRO AIRE 117200090150",10,"UND",1587.1,15871]
["2018-04-10","FILTRO ( 466 )","FA170801","FILTRO AIRE MIT. DAH. 17801-87303",4,"UND",941.64,3766.56]
["2016-10-25","FILTRO ( 466 )","FAA-20","FILTRO ACEITE A-20",5,"UND",1056.0999999999999,5280.5]
["2016-10-25","FILTRO ( 466 )","FAA5541","FILTRO AIRE 46562 A5541",1,"UND",1652,1652]
["2016-10-25","FILTRO ( 466 )","FAAD56","FILTRO ACEITE 4D56 AD-51343",10,"UND",354,3540]
["2016-03-09","FILTRO ( 466 )","FAB7179","FILTRO ACEITE B-7179",5,"UND",531,2655]
["2017-03-09","FILTRO ( 466 )","FABF1361","FILTRO ACEITE BF1361",6,"UND",2713.5043999999998,16281.026399999999]
["2017-03-09","FILTRO ( 466 )","FABT1600","FILTRO ACEITE BT 838257421PF1600",3,"UND",2883.92,8651.76]
["2017-03-09","FILTRO ( 466 )","FABT9471","FILTRO ACEITE BT-9471",8,"UND",1204.78,9638.24]
["2017-09-17","FILTRO ( 466 )","FAC,","FILTRO AIRE CANTER ME017242",3,"UND",767,2301]
["2017-09-17","FILTRO ( 466 )","FAC-1008","FILTRO ACEITE C-1008",6,"UND",649,3894]
["2016-02-09","FILTRO ( 466 )","FAC71791","FILTRO ACEITE CAMION M. 51791",6,"UND",472,2832]
["2016-02-09","FILTRO ( 466 )","FACAN","FILTRO AIRE CANTER",5,"UND",767,3835]
["2017-01-24","FILTRO ( 466 )","FAD.","FILTRO AIRE DAH.178001-87003",5,"UND",960.52,4802.6000000000004]
["2016-02-09","FILTRO ( 466 )","FAFD22","FILTRO AIRE F.D22QD32VM00A",1,"UND",236,236]
["2016-02-09","FILTRO ( 466 )","FAJCB","FILTRO AIRE JCB 49275 549275",1,"UND",3098.68,3098.68]
["2016-02-09","FILTRO ( 466 )","FAM17801-50040","FILTRO AIRE MOTOR 17801-50040",4,"UND",364.53469000000001,1458.13876]
["2016-02-09","FILTRO ( 466 )","FAMO","FILTRO AIRE MOTERO 01",3,"UND",1003,3009]
["2016-02-09","FILTRO ( 466 )","FANF","FILTRO AIRE NISSAN F. 16546-25601",2,"UND",2500,5000]
["2016-02-09","FILTRO ( 466 )","FANH","FILTRO ACEITE N.H.57794 BT8899",4,"UND",2200.6999999999998,8802.7999999999993]
["2016-02-09","FILTRO ( 466 )","FAOB3325","FILTRO ACEITE OB3325",6,"UND",448.4,2690.3999999999996]
["2016-02-09","FILTRO ( 466 )","FAPH36A","FILTRO ACEITE PH36A",6,"UND",295,1770]
["2016-02-09","FILTRO ( 466 )","FAUA5540","FILTRO AIRE UNIV 46569 A5540",1,"UND",708,708]
["2016-02-09","FILTRO ( 466 )","FAW719/15","FILTRO ACEITE W719/15",4,"UND",466.1,1864.4]
["2016-02-09","FILTRO ( 466 )","FG FC-1022","FILTRO GASOIL FC-1022",3,"UND",313.88,941.64]
["2016-02-09","FILTRO ( 466 )","FG PS-6643","FILTRO GASOIL PS-6643",4,"UND",1085.0325,4340.13]
["2016-02-09","FILTRO ( 466 )","FG14B","FILTRO G.14B UNION 4053",5,"UND",188.8,944]
["2016-02-09","FILTRO ( 466 )","FG7934","FILTRO GASOIL FC-7934 REG2420",5,"UND",531,2655]
["2016-02-09","FILTRO ( 466 )","FGA,","FILTRO GASOIL FC1104",6,"UND",216.25488000000001,1297.5292800000002]
["2016-02-09","FILTRO ( 466 )","FGA-33358","FILTRO GASOIL A-33358",6,"UND",755.2,4531.2000000000007]
["2016-02-09","FILTRO ( 466 )","FGBF7608","FILTRO GASOIL BF7608",4,"UND",861.61451999999997,3446.4580799999999]
["2016-02-09","FILTRO ( 466 )","FGBF884","FILTRO GASOIL BF 884",4,"UND",1189.1096,4756.4384]
["2016-02-09","FILTRO ( 466 )","FGFORD","FILTRO GASOIL FORD73 33417",4,"UND",802.4,3209.6]
["2017-10-05","FILTRO ( 466 )","FGMF","FILTRO GASOIL M.F.6VT USA",8,"UND",295,2360]
["2017-03-09","FILTROS DE ACEITE ( 33 )","FGMIT.","FILTRO GASOIL MIT.A-292",4,"UND",259.60000000000002,1038.4000000000001]
["2017-03-09","FILTROS DE AIRE ( 32 )","FGNTD27","FILTRO GASOIL N.TD27 FC-1806",4,"UND",236,944]
["2017-03-09","FILTROS DE AIRE ( 32 )","FGP346P","FILTRO GASOIL P-346P",4,"UND",578.20000000000005,2312.8000000000002]
["2017-03-09","FILTROS DE AIRE ( 32 )","FGSFF-J","FILTRO GASOIL SFF-J7056-64010",5,"UND",341.12619999999998,1705.6309999999999]
["2017-03-09","FILTROS DE AIRE ( 32 )","FIL A","FILTRO AIRE 16405-02N10",3,"UND",173.20414,519.61241999999993]
["2017-03-09","FILTROS DE AIRE ( 32 )","FL3321","FILTROS L3321",20,"UND",472,9440]
["2016-02-09","FILTROS DE AIRE ( 32 )","F ACEI. LU.FINPH6715","FILTRO ACEITE LUB.FIN.PH6715 FORD 6610",5,"UND",379.31,1896.55]
["2016-02-09","FILTROS DE AIRE ( 32 )","F ACEI. WIX 51602","FILTRO ACEITE PLANTA CUMMINS",8,"UND",270,{"$f":"+G520*E520","v":2160}]
["2016-02-09","FILTROS DE AIRE ( 32 )","F ACEI.BALD.BD355","FILTRO ACEITE MITSUBISHI ",3,"UND",410,1230]
["2016-02-09","FILTROS DE AIRE ( 32 )","F ACEI.FLET.G.LF3345","FILTRO ACEITE PLANT.CUMMINS",1,"UND",256.35199999999998,256.35199999999998]
["2016-02-09","FILTROS DE AIRE ( 32 )","F ACEI.WIX 51607","FILTRO ACEITE PLANT.CUMINS",5,"UND",125,625]
["2016-02-09","FILTROS DE AIRE ( 32 )","F GAS 23390-64480","FILTRO GS.TANAKA PRADO",2,"UND",521,1042]
["2016-02-09","FILTROS DE AIRE ( 32 )","F GAS. 23390-OL010","FILTRO GASOIL HILUX",2,"UND",290,580]
["2016-02-09","FILTROS DE AIRE ( 32 )","F GAS. BALD.BF1205-S","FILTRO GASOIL NEW.HOL.6000",7,"UND",917.29304000000002,6421.0512799999997]
["2016-02-09","FILTROS DE AIRE ( 32 )","F GAS. BALD.P7088","FILTRO GASOIL PLANT. CATERP.",5,"UND",420,2100]
["2016-02-09","FILTROS DE AIRE ( 32 )","F GAS. BALDWIN FP-10","FILTRO GASOIL PLANT. CATERP.",3,"UND",241,723]
["2016-02-09","FILTROS DE AIRE ( 32 )","F GAS. LFF-8930","FILTRO GASOIL TOYOTA RUNNER",6,"UND",521,3126]
["2016-02-09","FILTROS DE AIRE ( 32 )","F GAS. WIX 33138","FILTRO GASOIL TOYOTA",3,"UND",236,708]
["2016-02-09","FILTROS DE AIRE ( 32 )","F GAS. WIX 33196","FILTRO GASOIL NEW HOL. TS120",1,"UND",742,742]
["2016-02-09","FILTROS DE AIRE ( 32 )","F GAS. WIX 33352","FILTRO GASOIL PLANTA CATERP.",3,"UND",330,990]
["2016-02-09","FILTROS DE AIRE ( 32 )","F GAS. WIX 33386","FILTRO GASOIL CAMION CANTER",2,"UND",397,794]
["2016-02-09","FILTROS DE AIRE ( 32 )","F GAS.33239 ","FILTRO GASOIL INTERN.Y/O COMASU",8,"UND",267,2136]
["2016-02-09","FILTROS DE AIRE ( 32 )","F GAS.BALD.BF7532","FILTRO GASOIL NISSAN CIVILIAN",2,"UND",367,734]
["2016-02-09","FILTROS DE AIRE ( 32 )","F GAS.LUB.F.FP-941F","FILTRO G. MITS. 5103-0015",2,"UND",312,624]
["2016-02-09","FILTROS DE AIRE ( 32 )","F HID.F.G.51712","FILTRO HIDRAU. NISSAN FRONTIER",2,"UND",669,1338]
["2016-02-09","FILTROS DE AIRE ( 32 )","F HID.WIX 51791","FILTRO HIDRAUL. PLANTA CATERP.",1,"UND",330,330]
["2016-02-09","FILTROS DE AIRE ( 32 )","FA. 52087","FILTRO AIRE PUROL.PLANTA CATERPILAR",4,"UND",1900,7600]
["2016-02-09","FILTROS DE AIRE ( 32 )","FA. CA1588SY FORD","FILTRO AIRE FORD 6610",3,"UND",1136.5,3409.5]
["2016-02-09","FILTROS DE AIRE ( 32 )","FA. LAF 1741","FILTRO  AIRE TRACTOR YANMAR",2,"UND",2035,4070]
["2016-02-09","FILTROS DE GASOIL ( 34 )","FA. N/R","FILTRO AIRE N/R PLANTA CUMINGS",2,"UND",1002,2004]
["2016-02-09","FLASH ( 63 )","FA. PA2432  FORD ","FILTRO AIRE FORD 6610",2,"UND",997,1994]
["2016-02-09","GALLETA ( 305 )","FA. PA2845","FILTRO AIRE BALD. FORD 6610",1,"UND",1345,1345]
["2016-02-09","GOMAS ( 61 )","FA. WIX 42852 ","FILTRO AIRE PLANTA CATERPILAR",3,"UND",1895,5685]
["2016-02-09","JUNTA DEL KRANK ( 478 )","FA.17801-0C010","FILTRO AIRE HILUX",2,"UND",305,610]
["2016-02-09","MANGUERAS ( 36 )","FA.17801-56010 ","FILTRO AIRE CAMION DAIHATSU",2,"UND",455,910]
["2016-02-09","OTROS ( 5 )","F GAS 16405-01170","FILTRO GAS SAKURA 16405-01170 NISSAN",1,"UND",622.85,622.85]
["2016-02-09","OTROS ( 5 )","FLASH DIRECCIONAL","FLAS DIRECCIONAL",2,"UND",275,550]
["2016-02-09","OTROS ( 5 )","GALLETA.","GALLETA MACHO",2,"UND",3050.4484200000002,6100.8968400000003]
["2016-02-09","OTROS ( 5 )","GALON","GALON ACEITE 15W40",3,"GAL",1153.45,3460.3500000000004]
["2016-02-09","OTROS ( 5 )","14924","GOMAS P/T 14-9-24",7,"UND",33600.5,235203.5]
["2016-02-09","OTROS ( 5 )","7001612","GOMAS 700X16 12 LONAS",1,"UND",7425.3505999999998,7425.3505999999998]
["2016-02-09","OTROS ( 5 )","G-18434","GOMAS 18-4-34",8,"UND",53772.6,430180.8]
["2016-02-09","OTROS ( 5 )","JUNTA DEL KRANK","JUNTA DEL KRANK",1,"UND",6703.5564000000004,6703.5564000000004]
["2016-02-09","OTROS ( 5 )","MANGUERA.","MANGUERA HIDRAULICA",2,"UND",3543.2699400000001,7086.5398800000003]
["2016-02-09","OTROS ( 5 )","BFTN","BOMBA FRENO TRASERO N.C.1993",1,"UND",6490,6490]
["2016-02-09","OTROS ( 5 )","AB 2 1/2","ABRAZADERA 2 1/2",4,"UND",97.94,391.76]
["2016-02-09","OTROS ( 5 )","AB1/2","ABRAZADERA 1/2",2,"UND",80.239999999999995,160.47999999999999]
["2016-02-09","OTROS ( 5 )","AB2","ABRAZADERA 2",9,"UND",87.32,785.87999999999988]
["2016-02-09","OTROS ( 5 )","AR15","AROS RASTRA #15",2,"UND",8250,16500]
["2016-02-09","OTROS ( 5 )","ASIENT TRA  TS-120","ASIENTO TRA TS-120",1,"UND",9322,9322]
["2020-01-31","OTROS ( 5 )","B12V21W","BOMBILLOS 12V 21W",14,"UND",593.70519999999999,8311.8727999999992]
["2020-01-31","OTROS ( 5 )","BANH","BOMBA  AGUA N.H TS6000",1,"UND",4012,4012]
["2020-01-31","OTROS ( 5 )","BANH.","BOMBA AGITADORA NH. TS6000",1,"UND",3304,3304]
["2020-01-31","OTROS ( 5 )","BBE.","BUSHING BARRA ESTAB. L200",2,"UND",960,1920]
["2020-01-31","OTROS ( 5 )","BC..","BABIT CIG TD27 QD32 STD TAHO",1,"UND",1974.9659999999999,1974.9659999999999]
["2020-01-31","OTROS ( 5 )","BCA","BUSHING CATRE ABAJO L200",2,"UND",960,1920]
["2020-01-31","OTROS ( 5 )","BCA,","BUSHING CATRE ARRIBA L200 ",2,"UND",960,1920]
["2020-01-31","OTROS ( 5 )","BCTD27","BABIT CIG STD TD27 QD32 NDC",1,"UND",950.00620000000004,950.00620000000004]
["2020-01-31","OTROS ( 5 )","BFCDD","BANDA FRENO COMP. D.D.2006",2,"UND",3600.0030000000002,7200.0060000000003]
["2020-01-31","OTROS ( 5 )","BFCHC","BANDA FRENO COMP. H.C. MOD.2002",2,"UND",3649.9760000000001,7299.9520000000002]
["2020-01-31","OTROS ( 5 )","BFCM","BANDA FRENO COMP. M. MOD.2002",2,"UND",3799.9882200000002,7599.9764400000004]
["2020-01-31","OTROS ( 5 )","BHM","BUSHING HOJA MUELLE L200",3,"UND",960,2880]
["2020-01-31","OTROS ( 5 )","CBX46","CORREA B X 46",1,"UND",1546,1546]
["2020-01-31","OTROS ( 5 )","CDD.","CASQUILLO DAH.DELANTERO",1,"UND",1500,1500]
["2020-01-31","OTROS ( 5 )","CDEL","CRUCETA DELTA ",4,"UND",1064.9972,4259.9888000000001]
["2020-01-31","OTROS ( 5 )","CPR","CHUMACERA P/RASTRA",12,"UND",15222,182664]
["2020-01-31","OTROS ( 5 )","CR,","COLLARINGN RASA",1,"UND",1650.0057999999999,1650.0057999999999]
["2020-01-31","OTROS ( 5 )","CT,.","CORREA TRACTOR",1,"UND",2891,2891]
["2020-01-31","OTROS ( 5 )","DR26","DISCO RASTRA 26",38,"UND",5188.4228400000002,197160.06792]
["2020-01-31","OTROS ( 5 )","ER18","EJE DE RASTRA 18",6,"UND",18644,111864]
["2020-01-31","OTROS ( 5 )","FA. 1714","FILTRO AIRE LAF 1714",2,"UND",800,1600]
["2020-01-31","OTROS ( 5 )","FA.BT8420","FILTRO ACEITE BT 8420",2,"UND",670,{"$f":"+G584*E584","v":1340}]
["2020-01-31","OTROS ( 5 )","FA9275","FILTRO AIRE 9275",2,"UND",1315.95461,2631.90922]
["2020-01-31","OTROS ( 5 )","FA9276,","FILTRO AIRE 9276",2,"UND",1111.56,2223.12]
["2020-01-31","OTROS ( 5 )","FAL3321","FILTRO ACEITE L3321",6,"UND",460.2,2761.2]
["2020-01-31","OTROS ( 5 )","FAM","FILTRO ACEITE MITS. 1500A098",6,"UND",1029.55,6177.2999999999993]
["2020-01-31","OTROS ( 5 )","FAM,","FILTRO AIRE MITSUBISHI",5,"UND",701.39200000000005,3506.96]
["2020-01-31","OTROS ( 5 )","FAP,","FILTRO AIRE PR. A5540 ",2,"UND",4484,8968]
["2020-01-31","OTROS ( 5 )","FAPH","FILTRO ACEITE PH8A",4,"UND",442.5,1770]
["2020-01-31","OTROS ( 5 )","FH3373K","FILTRO HID. 3373K758-AA",3,"UND",3000,9000]
["2020-01-31","OTROS ( 5 )","FPA","FILTRO PEQ. AIRE GOLD",1,"UND",800,800]
["2020-01-31","OTROS ( 5 )","FUS10","FUSIBLE 10",2,"UND",33.04,66.08]
["2020-01-31","OTROS ( 5 )","FUS15","FUSIBLE 15",5,"UND",44.84,224.20000000000002]
["2020-01-31","OTROS ( 5 )","FUS20","FUSIBLE 20",4,"UND",90.623999999999995,362.49599999999998]
["2020-01-31","OTROS ( 5 )","FUS30","FUSIBLE 30",1,"UND",67.260000000000005,67.260000000000005]
["2020-01-31","OTROS ( 5 )","G.700R16","GOMAS 700R16",14,"UND",11044.8,154627.19999999998]
["2020-01-31","OTROS ( 5 )","G245-70R16","GOMAS 245-70R16 ",4,"UND",10513.8,42055.199999999997]
["2020-01-31","OTROS ( 5 )","JALON","JALON",1,"UND",9800,9800]
["2020-01-31","OTROS ( 5 )","JBFTN","JUEGO BANDA FRENO TRAS.N.C.1993",2,"UND",3900.0003000000002,7800.0006000000003]
["2020-01-31","OTROS ( 5 )","JJQD32","JUEGO JUNTA QD32",1,"UND",3950.0028000000002,3950.0028000000002]
["2020-01-31","OTROS ( 5 )","KBKM","KOMBAT BRAKET BANDA MIST. C.",1,"UND",800,800]
["2020-01-31","OTROS ( 5 )","KRTD","KIT RETENEDORA TREN DEL. NH.",1,"UND",15608.544400000001,15608.544400000001]
["2020-01-31","OTROS ( 5 )","LV16","LIMPIA VIDRIO 16",3,"UND",570.17600000000004,1710.5280000000002]
["2020-01-31","OTROS ( 5 )","LV18","LIMPIA VIDRIO 18",3,"UND",570.17600000000004,1710.5280000000002]
["2020-01-31","OTROS ( 5 )","MR.","MANGUERA RADIADOR 188286-C",1,"UND",530,530]
["2020-01-31","OTROS ( 5 )","PDNH","PARRILA DEL.TRACTOR NH.TS120",1,"UND",30539.0962,30539.0962]
["2020-01-31","OTROS ( 5 )","PL7","PANTALLA LED 7",2,"UND",1350.0026,2700.0052000000001]
["2020-01-31","OTROS ( 5 )","PMNH","PIÑON DEL MEDIO NH TS6000",1,"UND",4366,4366]
["2020-01-31","OTROS ( 5 )","PPDNH.","PIÑON PIÑA DEL.NH. TS6000",3,"UND",4818.8014000000003,14456.404200000001]
["2020-01-31","OTROS ( 5 )","PWD-40","PENETRANTE WD-40 6.6 OE ",3,"UND",263.7654,791.2962]
["2020-01-31","PLUG DE RELAY ( 66 )","R.67010","ROLLBEARING 67010",1,"UND",780,780]
["2020-01-31","RELOJ TABLERO ( 158 )","R29685/20","ROLLBEARING N.29685/20",1,"UND",550,550]
["2020-01-31","RELOJ TABLERO ( 158 )","RPDT","RETENEDORA PIÑA DELANT. T. TS-120",1,"UND",1800,1800]
["2020-01-31","ROBERI ( 72 )","SPDNH","SUNCHO PIÑA DEL. NH. TS6000",1,"UND",18608.895,18608.895]
["2020-01-31","ROBERI ( 72 )","STM","SELLO TRASERO MOTOR",1,"UND",2342.5477999999998,2342.5477999999998]
["2020-01-31","ROBERI ( 72 )","TA.85W-140","TANQUE AC. 85W-140",2,"UND",38822,77644]
["2020-01-31","ROBERI ( 72 )","TBP,","TAZA BOLA DE LA PIÑA RAST. 6306",1,"UND",2000,2000]
["2020-01-31","ROBERI ( 72 )","TERM.H.","TERMINALES HEMBRA 10",50,"UND",170.17959999999999,8508.98]
["2020-01-31","ROBERI ( 72 )","TGP","TANQUE GRASA PESADA 15/40",1,"UND",49767.467600000004,49767.467600000004]
["2020-01-31","ROLBEARING ( 193 )","TTDT.","TAZA TREN DELANT. TR.TS-6000",1,"UND",2000,2000]
["2020-01-31","ROLBEARING ( 193 )","PLUG BOMBILLO H4","PLUG BOMILLO H4",1,"UND",40,40]
["2020-01-31","ROLBEARING ( 193 )","RELOJ K300-465","RELOJ PRESION ACEITE",1,"UND",750,750]
["2020-01-31","ROLBEARING ( 193 )","RELOJ K300-478","RELOJ GENERACION TRACTORES",1,"UND",400,400]
["2020-01-31","ROLL BEARING PE PUNTA EJE ( 410 )","ROLBEARING 32208M","ROLBEARING TIMKIN 32208",7,"UND",1038,7266]
["2020-01-31","ROLOS ( 59 )","ROLBEARING 33207.A","ROLBEARING SNR 33207.A",2,"UND",550,1100]
["2020-01-31","SELENOIDE ( 179 )","ROLBEARING 6305.ZZ.J","ROLBEARING SNR 6305.ZZJR.",1,"UND",270,270]
["2020-01-31","SOPORTE CARDAN ( 359 )","ROLBEARING 802048","ROLBEARING FEDERAL MOGEL",1,"UND",916.66666999999995,916.66666999999995]
["2020-01-31","TANQUE ACEITE 20W50 ( 257 )","ROLBEARING LM67048/1","ROLBEARING KOYO LM67048/10",10,"UND",310,3100]
["2020-01-31","TERMINALES ( 157 )","ROLBEARING M86649/10","ROLBEARING NBR M86649/10",2,"UND",550,1100]
["2020-01-31","TERMINALES ( 157 )","ROL","ROLLBEARING 30210",1,"UND",2442.8123999999998,2442.8123999999998]
["2020-01-31","TERMINALES ( 157 )","ROLLB","ROLLBEARING 12649",4,"UND",967.55555000000004,3870.2222000000002]
["2020-01-31","TRANSMISION AUTOM. ( 602 )","R3610","ROLLBERING 3610 PIÑA  D. T.",1,"UND",960,960]
["2020-01-31","TUBOS ( 52 )","RT6610","ROLBEARING 501349-10 T.6610",1,"UND",960,960]
["2022-08-31","ROLL BEARIN PE PUN E","ROLL BEARIN PE PUN E","ROLL BEARIN PEQUEÑO PUNTA EJE",1,"1 KG",782.81,782.81]
["2022-08-31","ROLOS","ROLOS","ROLOS RASTRA",10,"UND",636.65124000000003,6366.5124000000005]
["2022-08-31","SELENOIDE","SELENOIDE","SELENOIDE",1,"UND",7811.6,7811.6]
["2022-08-31","SOPORTE CARDAN 1","SOPORTE CARDAN 1","SOPORTE CARDAN 1",1,"UND",2950,2950]
["2022-08-31","TANQUE ACEITE 20W50","TANQUE ACEITE 20W50","TANQUE ACEITE 20W50",2,"UND",55332.166669999999,110664.33334]
["2022-08-31","TANQUE.","TANQUE.","TANQ, ACEI HIDRAUL 68",2,"UND",35771.699999999997,71543.399999999994]
["2022-08-31","TANQUE GRASA COPILLA","TANQUE GRASA COPILLA","TANQUE GRASA COPILLA",1,"UND",20414,20414]
["2022-08-31","TERMINALES #12","TERMINALES #12","TERMINALES #12",32,"UND",5,160]
["2022-08-31","TERMINALES #8","TERMINALES #8","TERMINALES #8",51,"UND",5,255]
["2022-08-31","TERMINALES NO.10","TERMINALES NO.10","TERMINALES NO.10",12,"UND",4.5714300000000003,54.857160000000007]
["2022-08-31","OTROS ( 5 )","CTA","CUBETA TRANSMISION AUT.",1,"UND",6667.59,6667.59]
["2022-08-31","HERRAMIENTAS","14-924","TUBOS P/G 14-9-24",8,"UND",2655,21240]
["2022-08-31","HERRAMIENTAS","18434","TUBOS P/G 18-4-34",8,"UND",4849.8,{"$f":"+G648*E648","v":38798.400000000001}]
["2022-08-31","HERRAMIENTAS","70016","TUBOS 700X16 12 LONAS",9,"UND",757.39017999999999,6816.5116200000002]
["TOTAL",null,null,null,null,null,null,{"$f":"SUM(H455:H649)","v":2392194.7609099997}]